| 000 | 01254nam a22003857a 4500 | ||
|---|---|---|---|
| 003 | CHAP | ||
| 005 | 20220817044508.0 | ||
| 008 | 111104s2007 it r 00010 eng d | ||
| 010 | _a102498 | ||
| 011 | _a103470 | ||
| 020 | _a9789251058220 | ||
| 035 | _a114159 | ||
| 040 | _cCHAP | ||
| 082 | 0 | 4 |
_a639.2 _bF46y v.838 |
| 110 | 2 | _aFAO | |
| 245 | 1 | 0 |
_aReport and documentation of the expert consultation on deep - sea fisheries in the high seas _c/por FAO |
| 260 |
_aRoma : _bFAO, _c2007 |
||
| 300 | _avi, 203 p. | ||
| 490 | 0 |
_aFAO. Informe de pesca _v; 838 |
|
| 500 | _aBangkok, Thailand, 21-23 november 2006 | ||
| 500 | _aGCP/INT/942/JPN | ||
| 590 |
_aBATCH-UPD _b10 _c20130110 _lUCH01 _h1046 |
||
| 590 |
_aBATCH-UPD _b10 _c20130410 _lUCH01 _h0528 |
||
| 590 |
_aBATCH-UPD _b10 _c20130914 _lUCH01 _h1347 |
||
| 590 |
_aCONVERSION _b10 _c20130109 _lUCH01 _h1356 |
||
| 650 | 1 | 4 |
_aPesca sostenible. _987440 |
| 650 | 1 | 4 | _aPesca. |
| 650 | 1 | 4 |
_aPesquería. _987496 |
| 650 | 1 | 4 |
_aZonas marinas. _9124143 |
| 710 | 2 | 2 |
_aFAO. Gobierno de Japón Programa de Cooperación. _939571 |
| 830 | 0 |
_aFAO. Informe de pesca _v; 838 _939587 |
|
| 901 | _aBK | ||
| 942 | _cLIBRO | ||
| 949 |
_a639.2 F46y v.838 _bBC _cFAO _d33724002098884 _eFAO1 _gDonaciØn _h116020 _i114159 _sb |
||
| 999 |
_c102498 _d102498 |
||